Vybrané formy priameho marketingu v spoločnosti bakalárska práca

Enregistré dans:
Détails bibliographiques
Auteur principal: Táncosová, Andrea
Collectivité auteur: Obchodná fakulta EU. Katedra marketingu
Autres auteurs: Michalková, Lucia
Format: Livre
Langue:slovaque
Publié: Bratislava 2009
Tags: Ajouter un tag
Pas de tags, Soyez le premier à ajouter un tag!

MARC

LEADER 00000nam$a2200000$$$4500
001 0099941
005 20240318135547.7
041 0 |a slo 
044 |a SK 
245 1 0 |a Vybrané formy priameho marketingu v spoločnosti  |b bakalárska práca  |c Andrea Táncosová ; škol. Lucia Michalková 
264 1 |a Bratislava  |c 2009 
300 |a 54 s. 
100 1 |a Táncosová, Andrea 
700 1 |a Michalková, Lucia 
710 2 |a Obchodná fakulta EU. Katedra marketingu